Информационный век (Запись № 3448450)
[ простой вид ]
| 000 -МАРКЕР | |
|---|---|
| контрольное поле | 02164nam0a2200349 i 4500 |
| 001 - ИДЕНТИФИКАТОР ЗАПИСИ | |
| контрольное поле | RU\NLR\bibl\1942733 |
| 005 - ИДЕНТИФИКАТОР ВЕРСИИ | |
| контрольное поле | 20240921135859.0 |
| 010 ## - МЕЖДУНАРОДНЫЙ СТАНДАРТНЫЙ НОМЕР КНИГИ (ISBN) | |
| Номер (ISBN) | 9785422003075 |
| Тираж | 100 |
| 021 ## - НОМЕР ГОСУДАРСТВЕННОЙ РЕГИСТРАЦИИ | |
| Код страны | российская федерация |
| Номер | 2012-60870 |
| Номер Листа государственной регистраци | 4456 |
| 035 ## - ДРУГИЕ СИСТЕМНЫЕ НОМЕРА | |
| Идентификатор записи | (NLR Aleph) 001931995 |
| 100 ## - ДАННЫЕ ОБЩЕЙ ОБРАБОТКИ | |
| Данные общей обработки | 20120907d2012 u y0rusy50 ca |
| 101 0# - ЯЗЫК РЕСУРСА | |
| Язык текста, звукозаписи и т.д. | русский |
| -- | английский |
| 102 ## - СТРАНА ПУБЛИКАЦИИ ИЛИ ПРОИЗВОДСТВА | |
| Страна публикации | российская федерация |
| 105 ## - ПОЛЕ КОДИРОВАННЫХ ДАННЫХ: ТЕКСТОВЫЕ МАТЕРИАЛЫ, МОНОГРАФИЧЕСКИЕ | |
| Кодированные данные о монографическом текстовом документе | a ||||||||| |
| 200 1# - ЗАГЛАВИЕ И СВЕДЕНИЯ ОБ ОТВЕТСТВЕННОСТИ | |
| Основное заглавие | Информационный век |
| Сведения, относящиеся к заглавию | it English course |
| -- | [учебное пособие для практики устной и письменной речи по английскому языку для студентов по направлениям "Инфокоммуникационные технологии и системы связи" и "Информационные системы и технологии"] |
| Первые сведения об ответственности | Г.В. Гунченко, Л.В. Правикова |
| Последующие сведения об ответственности | М-во образования и науки РФ, Федерал. гос. бюджет. образоват. учреждление высш. проф. образования "Пятигорский гос. лингвист. ун-т" |
| 210 ## - ПУБЛИКАЦИЯ, РАСПРОСТРАНЕНИЕ И ДР. | |
| Место издания, распространения и т.д. | Пятигорск |
| Имя издателя, распространителя и т. д. | ФГБОУ ВПО "Пятигорский государственный лингвистический университет" |
| Дата издания, распространения и т.д. | 2012 |
| 215 ## - ФИЗИЧЕСКАЯ ХАРАКТЕРИСТИКА | |
| Специфическое обозначение материала и объем | 220 с. |
| Другие сведения о физической характеристике | ил. |
| Размеры | 21 |
| 320 ## - ПРИМЕЧАНИЯ О НАЛИЧИИ В ДОКУМЕНТЕ БИБЛИОГРАФИИ / УКАЗАТЕЛЯ | |
| Текст примечания | На обл.: The Information age: it English course / G.V. Gunchenko, L.V. Pravikova |
| 512 1# - ЗАГЛАВИЕ ОБЛОЖКИ | |
| Связь между полями | z45790 |
| Заглавие обложки | The Information age |
| Сведения, относящиеся к заглавию | it English course |
| 606 1# - НАИМЕНОВАНИЕ ТЕМЫ КАК ПРЕДМЕТ | |
| Наименование темы | Английский язык |
| Тематический подзаголовок | Учебные издания для информационно-технологической отрасли |
| Системный номер авторитетной/нормативной записи | 2408835 |
| Идентификатор авторитетной/нормативной записи | RU\NLR\AUTH\661435381 |
| 686 1# - ИНДЕКСЫ ДРУГИХ КЛАССИФИКАЦИЙ | |
| Индекс | Ш143.21-93рус328.71 |
| 700 #1 - ИМЯ ЛИЦА - ПЕРВИЧНАЯ ОТВЕТСТВЕННОСТЬ | |
| Начальный элемент ввода | Гунченко |
| Часть имени, кроме начального элемента ввода | Г. В. |
| Расширение инициалов личного имени | Галина Викторовна |
| Код отношения | Автор |
| 701 #1 - ИМЯ ЛИЦА - АЛЬТЕРНАТИВНАЯ ОТВЕТСТВЕННОСТЬ | |
| Начальный элемент ввода | Правикова |
| Часть имени, кроме начального элемента ввода | Л. В. |
| Расширение инициалов личного имени | Людмила Владимировна |
| Код отношения | Автор |
| 790 #1 - ИМЯ ЛИЦА - АЛЬТЕРНАТИВНАЯ ФОРМА | |
| Связь между полями | z45 |
| Начальный элемент ввода | Gunčenko |
| Часть имени, кроме начального элемента ввода | G. V. |
| Расширение инициалов личного имени | Galina Viktorovna |
| Код отношения | Автор |
| 790 #1 - ИМЯ ЛИЦА - АЛЬТЕРНАТИВНАЯ ФОРМА | |
| Связь между полями | z45 |
| Начальный элемент ввода | Pravikova |
| Часть имени, кроме начального элемента ввода | L. V. |
| Расширение инициалов личного имени | Ljudmila Vladimirovna |
| Код отношения | Автор |
| 801 #0 - ИСТОЧНИК ЗАПИСИ | |
| Страна | российская федерация |
| Организация | NLR |
| Дата составления | 20120907 |
| Правила каталогизации | RCR |
| 801 #1 - ИСТОЧНИК ЗАПИСИ | |
| Страна | российская федерация |
| Организация | NLR |
| Дата составления | 20120907 |
| 942 ## - ДОПОЛНИТЕЛЬНЫЕ ЭЛЕМЕНТЫ ЗАПИСИ (АБИС) | |
| Тип экземпляра АБИС | Книга |
| 980 ## - КОЛЛЕКЦИЯ | |
| Название коллекции | НБР |
Нет доступных экземпляров.